| 000 | 00637cam a22002051 4500 | ||
|---|---|---|---|
| 001 | ca 17001256 | ||
| 003 | DLC | ||
| 005 | 20260227111103.0 | ||
| 008 | 810918s1891 nyu 00010 eng | ||
| 010 | _aca 17001256 //r963 | ||
| 040 |
_aDLC _cDLC _dDLC |
||
| 050 | 0 | 0 |
_aPN6161 _b.C66 |
| 082 | 0 | 0 |
_a818/.402 _219 |
| 100 | 1 | 0 |
_aCooper, George, _d1840-1927, _eed. |
| 245 | 1 | 0 |
_aBrudder Kinkhead's stump speeches and droll discourses. _cComp. and arranged by George Cooper. |
| 260 | 0 |
_aNew York, _bH.J. Welman _c[1891] |
|
| 300 |
_a99 p. _c18 cm. |
||
| 650 | 0 |
_aSpeeches, addresses, etc., American _xHumor. |
|
| 650 | 0 | _aAmerican wit and humor. | |
| 999 |
_c15056 _d15056 |
||